El autorretrato en la pintura española contemporánea / (Record no. 25779)

MARC details
000 -LEADER
campo de control de longitud fija 00708nam a2200229 i 4500
001 - NÚMERO DE CONTROL
campo de control 25779
003 - IDENTIFICADOR DE NÚMERO DE CONTROL
campo de control ES-MaACL
005 - FECHA Y HORA DE LA ÚLTIMA TRANSACCIÓN
campo de control 20230906153331.0
007 - CAMPO FIJO DE DESCRIPCIÓN FÍSICA--INFORMACIÓN GENERAL
campo de control de longitud fija t|
008 - DATOS DE LONGITUD FIJA--INFORMACIÓN GENERAL
campo de control de longitud fija 030102s1973 sp ||||1| spa d
020 ## - NÚMERO INTERNACIONAL ESTÁNDAR DEL LIBRO
Número Internacional Estándar del Libro 84-256-0207-6
080 ## - NÚMERO DE LA CLASIFICACIÓN DECIMAL UNIVERSAL
Número de la Clasificación Decimal Universal 75.041.53(460)"19"
245 03 - MENCIÓN DEL TÍTULO
Título El autorretrato en la pintura española contemporánea /
Mención de responsabilidad, etc. texto de María Aritza.
260 ## - PUBLICACIÓN, DISTRIBUCIÓN, ETC.
Lugar de publicación, distribución, etc. Madrid :
Nombre del editor, distribuidor, etc. Ibérico Europea de Ediciones,
Fecha de publicación, distribución, etc. [1973]
300 ## - DESCRIPCIÓN FÍSICA
Extensión 55 p. :
Otras características físicas principalmente il. col. y n. ;
Dimensiones 31 cm.
490 1# - MENCIÓN DE SERIE
Mención de serie Arte y estilo
650 #4 - PUNTO DE ACCESO ADICIONAL DE MATERIA--TÉRMINO DE MATERIA
Término de materia o nombre geográfico como elemento de entrada Autorretratos-
Subdivisión geográfica España.
9 (RLIN) 173530
700 1# - ENTRADA AGREGADA--NOMBRE PERSONAL
Nombre de persona Aritza, María.
9 (RLIN) 173529
830 1# - PUNTO DE ACCESO ADICIONAL DE SERIE-TÍTULO UNIFORME
Título uniforme Arte y estilo
9 (RLIN) 182388
852 ## - LOCALIZACIÓN
Ubicación ES-MaACL
Número de control de estantería C-51833
Holdings
Estatus retirado Estado de pérdida Estado de daño No para préstamo Biblioteca de origen Biblioteca actual Ubicación en estantería Fecha de adquisición Fuente de adquisición Total de préstamos Signatura topográfica completa Código de barras Visto por última vez Precio de reemplazo Tipo de ítem Koha
        Biblioteca del Ateneo de Madrid Biblioteca del Ateneo de Madrid Depósito 2 17/01/2008     C-51833 1026589 23/02/2023 23/02/2023 Libro impreso